[Event "Bundesliga 2013-14"]
[Site "Bremen GER"]
[Date "2013.12.15"]
[Round "6"]
[White "Fressinet,L"]
[Black "Graf,F"]
[Result "1-0"]
[WhiteElo "2710"]
[BlackElo "2493"]

1.Nf3 d5 2.g3 Nf6 3.Bg2 g6 4.c4 c6 5.b3 Bg7 6.Bb2 O-O 7.O-O Bg4 8.d3 Nbd7
9.Nbd2 a5 10.Qc2 Qb6 11.h3 Bxf3 12.Nxf3 a4 13.Bc3 axb3 14.axb3 Rxa1 15.Rxa1 e5
16.e3 Re8 17.b4 e4 18.Nd2 h5 19.dxe4 Nxe4 20.c5 Qc7 21.Bxg7 Kxg7 22.Bxe4 Qe5
23.Ra7 dxe4 24.Rxb7 Qf5 25.Kg2 Nf6 26.Qc4 Nh7 27.Qd4+ Kh6 28.Qd7 Qxd7 29.Rxd7 f5
30.Rd6 Rb8 31.Nc4 Rxb4 32.Ne5 Nf8 33.Rxc6 Rb1 34.Rf6 Kg7 35.Rf7+ Kg8 36.c6 Rc1
37.h4  1-0

[Event "Bundesliga 2013-14"]
[Site "Griesheim GER"]
[Date "2013.12.15"]
[Round "6"]
[White "Zaragatski,I"]
[Black "Grabarczyk,B"]
[Result "1/2-1/2"]
[WhiteElo "2510"]
[BlackElo "2393"]

1.Nf3 d5 2.g3 Nc6 3.d4 Bg4 4.Bg2 Qd7 5.c4 dxc4 6.d5 Bxf3 7.Bxf3 Ne5 8.Bg2 Nf6
9.Qd4 Qd6 10.Bf4 Nfd7 11.Nd2 g5 12.Bxg5 Bg7 13.Qh4 Nb6 14.O-O Ng6 15.Qe4 Bxb2
16.Rab1 Qe5 17.Qc2 Qxg5 18.Qxb2 Qe5 19.Nxc4 Qxb2 20.Nxb2 O-O-O 21.e4 e5 22.dxe6 fxe6
23.Bh3 Rhe8 24.Rfd1 Ne5 25.f4 Nf3+ 26.Kf2 Nd2 27.Rbc1 Nxe4+ 28.Kf3 Nd6 29.Nd3 Kb8
30.Nc5  1/2-1/2

[Event "ch-European Rapid 2013"]
[Site "Warsaw POL"]
[Date "2013.12.15"]
[Round "10.4"]
[White "Petrosian,TL"]
[Black "Dreev,A"]
[Result "1-0"]
[WhiteElo "2648"]
[BlackElo "2673"]

1.Nf3 d5 2.g3 Bg4 3.Bg2 Nd7 4.h3 Bh5 5.O-O c6 6.d3 e5 7.c4 dxc4 8.dxc4 Ngf6
9.Nc3 Qc7 10.Nh4 Bb4 11.Bd2 O-O 12.g4 Bg6 13.Nxg6 hxg6 14.Nd5 Nxd5 15.cxd5 Bxd2
16.dxc6 Rad8 17.Qxd2 Nb8 18.Qc3 Nxc6 19.Rac1 Rfe8 20.Bxc6 bxc6 21.e3 Rd6
22.Rfd1 Red8 23.Rxd6 Rxd6 24.Kg2 f6 25.Qc4+ Kh7 26.Qe4 Qa5 27.h4 Qd5 28.Qxd5 cxd5
29.Kf3 d4 30.Rd1 f5 31.exd4 fxg4+ 32.Kxg4 exd4 33.Kf3 Kh6 34.Ke4 Re6+ 35.Kd3 Kh5
36.b4 Kxh4 37.a4 Kg4 38.Rc1 Kf3 39.Rc7 a6 40.Rf7+ Kg2 41.Kxd4 Kh3 42.a5 g5
43.Kd5 Re2 44.Rxg7 g4 45.Rf7 Rc2 46.Rf6 Rb2 47.Kc5 Rc2+ 48.Kd4 Rb2 49.Kc3 Re2
50.Rxa6 Rxf2 51.Rh6+ Kg2 52.a6 g3 53.b5 Rf3+ 54.Kb4 Rf4+ 55.Ka5 Rg4 56.a7  1-0

[Event "ch-European Rapid 2013"]
[Site "Warsaw POL"]
[Date "2013.12.15"]
[Round "11.4"]
[White "Dubov,Daniil"]
[Black "Salgado Lopez,I"]
[Result "0-1"]
[WhiteElo "2629"]
[BlackElo "2597"]

1.Nf3 d5 2.g3 c6 3.Bg2 Bf5 4.O-O e6 5.d3 h6 6.b3 Nf6 7.Bb2 Be7 8.c4 O-O 9.Nbd2 a5
10.cxd5 exd5 11.Nh4 Bh7 12.e4 Na6 13.Nf5 Bxf5 14.exf5 a4 15.bxa4 Nc5 16.Nb3 Nxa4
17.Be5 Re8 18.f4 Nd7 19.Kh1 Bb4 20.Qg4 Nf6 21.Qe2 Bc3 22.Rac1 Nd7 23.d4 f6
24.Qh5 Qe7 25.g4 fxe5 26.dxe5 Nxe5 27.fxe5 Bxe5 28.Rce1 Qg5 29.Qh3 Re7 30.Nc1 Nc5
31.Ne2 Rae8 32.Ng1 Bf6 33.Nf3 Qf4 34.Rxe7 Rxe7 35.Nh4 Qd4 36.g5 Re3 37.Nf3 hxg5
38.Nxd4 Rxh3 39.Bxh3 Bxd4 40.f6 gxf6 41.Bf5 Kf7 42.Re1 Be5 43.Kg2 Ke7 44.Rh1 Na4
45.h4 gxh4 46.Rxh4 b5 47.Kf3 Kd6 48.Ke3 c5 49.Rh7 c4 50.Bd7 Kc5 51.Be8 d4+
52.Kf2 d3 53.Rb7 Nc3 54.Ke3 Bd4+ 55.Kd2 Ne4+ 56.Kc1 Be3+  0-1

[Event "SportAccord Blitz Men 2013"]
[Site "Beijing CHN"]
[Date "2013.12.16"]
[Round "21.7"]
[White "Le Quang Liem"]
[Black "Wang Hao"]
[Result "1/2-1/2"]
[WhiteElo "2703"]
[BlackElo "2735"]

1.Nf3 d5 2.g3 Nf6 3.Bg2 c6 4.O-O g6 5.b3 Bg7 6.Bb2 O-O 7.c4 Bg4 8.d3 Bxf3
9.Bxf3 e6 10.Qc2 Nbd7 11.Bg2 Ne8 12.d4 Nd6 13.e3 Rc8 14.Rd1 Re8 15.Nd2 h5
16.Nf3 Nf5 17.e4 dxe4 18.Qxe4 b5 19.Rac1 bxc4 20.bxc4 Qa5 21.Qc2 Rb8 22.Bc3 Qa6
23.c5 Nf6 24.Ne5 Nd5 25.Bf1 Qc8 26.Qa4 Bxe5 27.dxe5 Qc7 28.Ba1 Rb4 29.Qa3 Reb8
30.Bd3 Nfe7 31.h4 a5 32.Bc4 Qa7 33.Qf3 a4 34.a3 R4b7 35.Qe4 Nf5 36.Ba2 Rb5
37.Qc4 Qa5 38.Rd3 Kg7 39.Kg2 Qa7 40.Qc2 Qe7 41.Rf3 Kh7 42.Qc4 Qa7 43.Rc2 Kg8
44.Rc1 Kf8 45.Rc2 Kg8 46.Rc1 Qa5 47.Rd3 Qa7 48.Rc2 Qe7 49.Rf3 g5 50.hxg5 Qxg5
51.Qxa4 h4 52.Bxd5 hxg3 53.Bxc6 Nh4+ 54.Qxh4 Qxh4 55.Rxg3+ Kf8 56.Bf3 Rb1
57.Rh3 Qg5+ 58.Rg3 Qh6 59.Rh3 Qg5+ 60.Rg3 Qh4 61.Rh3 Qa4 62.Rd2 Rxa1 63.Rh8+ Kg7
64.Rxb8 Qh4 65.Rd1 Qg5+ 66.Kf1 Rxd1+ 67.Bxd1 Qxe5 68.Rc8 Qd5 69.Ke1 Qb7 70.Rd8 Qc7
71.Rd3 Qxc5 72.a4 Qb4+ 73.Kf1 Kf6 74.Rf3+ Ke7 75.Rb3 Qc4+ 76.Ke1 f5 77.Re3 Kf6
78.Bb3 Qb4+ 79.Kf1 e5 80.Bd1 e4 81.Rb3 Qc4+ 82.Ke1 Kg5 83.Rg3+ Kf4 84.Re3 Ke5
85.Rb3 f4 86.Rb5+ Kd4 87.Rb3 f3 88.Re3 Qb4+ 89.Kf1 Qd2 90.Bxf3 exf3 91.Rxf3 Qc1+
92.Kg2 Qc6 93.Kg3 Qg6+ 94.Kh2 Ke4 95.Rg3 Qh5+ 96.Kg2 Kf4 97.Re3 Qd5+ 98.Kg1 Qd1+
99.Kg2 Qxa4 100.Kg1 Qd1+ 101.Kg2 Qg4+ 102.Kf1 Qg6 103.Rg3 Qc6 104.Kg1  1/2-1/2

[Event "SportAccord Blitz Women 2013"]
[Site "Beijing CHN"]
[Date "2013.12.16"]
[Round "26.2"]
[White "Gunina,V"]
[Black "Kosintseva,T"]
[Result "0-1"]
[WhiteElo "2509"]
[BlackElo "2496"]

1.Nf3 d5 2.g3 Nf6 3.Bg2 e6 4.c4 Be7 5.O-O O-O 6.cxd5 exd5 7.d4 c6 8.Nc3 Bf5
9.Bf4 Nbd7 10.a3 a5 11.Rc1 h6 12.Qb3 Qb6 13.Qa2 a4 14.Rfd1 Ne4 15.Nd2 Nxd2
16.Rxd2 Rfe8 17.e4 dxe4 18.Nxe4 Bxa3 19.bxa3 Bxe4 20.Bxe4 Rxe4 21.d5 cxd5
22.Rxd5 Nf6 23.Rd3 Rae8 24.Be3 Qe6 25.Qb2 Qh3 26.Qxb7 Ng4 27.Rc8 Qxh2+ 28.Kf1 Qh1+
29.Ke2 Rxe3+ 30.Rxe3 Qxb7 31.Rcxe8+ Kh7 32.Rd3 Qb2+ 33.Kf3 Ne5+ 34.Rxe5 Qxe5
35.Re3 Qd5+ 36.Ke2 f5 37.Rd3 Qe4+ 38.Kd2 g5 39.Re3 Qd4+ 40.Ke2 f4 41.gxf4 gxf4
42.Rd3 Qe4+ 43.Kd2 h5 44.f3 Qc4  0-1

[Event "SportAccord Blitz Men 2013"]
[Site "Beijing CHN"]
[Date "2013.12.16"]
[Round "27.4"]
[White "Karjakin,Sergey"]
[Black "Wang Hao"]
[Result "1-0"]
[WhiteElo "2756"]
[BlackElo "2735"]

1.Nf3 d5 2.g3 Bg4 3.Bg2 e6 4.h3 Bxf3 5.Bxf3 Nf6 6.d3 Be7 7.Nd2 O-O 8.e4 c6
9.O-O a5 10.a4 Na6 11.Bg2 Nd7 12.Qe2 Bf6 13.Kh2 Qb6 14.f4 e5 15.exd5 exf4
16.Rxf4 cxd5 17.Bxd5 Rae8 18.Re4 Be5 19.Nc4 Qc5 20.Bxb7 f5 21.d4 Qc7 22.Bd5+ Kh8
23.Rxe5 Nxe5 24.Nxe5 Nb4 25.Bb3 Nc6 26.Bf4 Nxd4 27.Ng6+ hxg6 28.Qxe8 Rxe8
29.Bxc7 Re2+ 30.Kg1 Nf3+ 31.Kf1 Rh2 32.Rd1  1-0

[Event "16th Padova Open A 2013"]
[Site "Padova ITA"]
[Date "2013.12.16"]
[Round "2.4"]
[White "Dvirnyy,D"]
[Black "Bove,A"]
[Result "1/2-1/2"]
[WhiteElo "2560"]
[BlackElo "2371"]

1.Nf3 d5 2.g3 e6 3.Bg2 b5 4.O-O Nf6 5.b3 Bb7 6.c4 b4 7.a3 a5 8.d4 c5 9.dxc5 Bxc5
10.cxd5 Bxd5 11.axb4 Bxb4 12.Bb2 Nbd7 13.Nc3 Bxc3 14.Bxc3 Qb6 15.Ra3 O-O
16.Qa1 Rfb8 17.Bxa5 Qa6 18.b4 Nb6 19.Rc1 Nc4 20.Ra4 Nb6 21.Ra3 Nc4 22.Ra4 Nb6
23.Ra3  1/2-1/2

[Event "20th Zadar Open B 2013"]
[Site "Zadar CRO"]
[Date "2013.12.16"]
[Round "2.4"]
[White "Franciskovic,B"]
[Black "Krsnik Cohar,I"]
[Result "1-0"]
[WhiteElo "2270"]
[BlackElo "2106"]

1.Nf3 d5 2.g3 Nf6 3.Bg2 Bg4 4.c4 e6 5.O-O c6 6.d3 Bc5 7.cxd5 exd5 8.Qc2 Nbd7
9.e4 O-O 10.Nc3 dxe4 11.dxe4 Re8 12.h3 Bh5 13.Re1 Bxf3 14.Bxf3 Ne5 15.Be2 Qb6
16.Rf1 Bd4 17.Kg2 Ng6 18.f3 Rad8 19.Bd2 Be5 20.Rad1 Nf8 21.Na4 Qc7 22.f4 Bd4
23.Bf3 Ne6 24.Rfe1 b5 25.Nc3 Bb6 26.Ne2 Nc5 27.e5 Nd5 28.Nd4 g6 29.a3 Ne7
30.Be3 Na4 31.b3 Bxd4 32.Bxd4 Qa5 33.Ba1 Rxd1 34.Rxd1 Nb6 35.e6 Nbd5 36.exf7+ Kxf7
37.Qb2 Rg8 38.b4 Qc7 39.Re1 Qd6 40.Qd4 h5 41.h4 a5 42.bxa5 Qxa3 43.Qe5 Qb4
44.a6 Qa3 45.Bd4 Qb4 46.a7 Ra8 47.Bxd5+ cxd5 48.Bf2 d4 49.Bxd4 Qa3 50.Qf6+ Ke8
51.Qc6+ Kf7 52.Qxa8  1-0

[Event "SportAccord Basque Women 2013"]
[Site "Beijing CHN"]
[Date "2013.12.17"]
[Round "1.1"]
[White "Ju Wenjun"]
[Black "Ushenina,A"]
[Result "1/2-1/2"]
[WhiteElo "2514"]
[BlackElo "2501"]

1.Nf3 d5 2.g3 c6 3.Bg2 Bg4 4.c4 Bxf3 5.Bxf3 e6 6.cxd5 cxd5 7.d3 Nc6 8.Nc3 Nf6
9.O-O Be7 10.Bg2 O-O 11.a3 a6 12.b4 b5 13.Bb2 Qb6 14.Rc1 a5 15.bxa5 Rxa5
16.e4 dxe4 17.Nxe4 Nxe4 18.Bxe4 Nd4 19.Ra1 Bf6 20.Kh1 g6 21.Bc3 Ra4 22.Qb1 Bg7
23.Qb2 Nf5 24.Bxf5 Bxc3 25.Qxc3 exf5 26.Rab1 Rd8 27.Rb3 Qd4 28.Qxd4 Rdxd4
29.Rfb1 f4 30.Kg2 fxg3 31.hxg3 h5 32.Rc3 b4 33.axb4 Raxb4 34.Rxb4 Rxb4 35.Kf3 Kg7
36.Rc4 Rb3 37.Ke3 Kf6 38.Rf4+ Ke6 39.Re4+ Kf5 40.Rf4+ Ke6 41.Re4+ Kf5 42.Rf4+ Ke6
43.Re4+ Kf5 44.Rf4+  1/2-1/2

[Event "16th Padova Open A 2013"]
[Site "Padova ITA"]
[Date "2013.12.17"]
[Round "4.5"]
[White "Valsecchi,A"]
[Black "Petkov,V"]
[Result "0-1"]
[WhiteElo "2428"]
[BlackElo "2558"]

1.Nf3 d5 2.g3 Nc6 3.d4 Bg4 4.Bg2 Qd7 5.b4 Bxf3 6.Bxf3 e5 7.dxe5 O-O-O 8.Bf4 Qe6
9.a3 Nxe5 10.Bg2 Nf6 11.c3 Ne4 12.Bxe5 Qxe5 13.Qd4 Re8 14.O-O Qxd4 15.cxd4 h5
16.Rc1 Rh6 17.Ra2 Kb8 18.Rac2 Bd6 19.e3 c6 20.Rb2 a6 21.a4 f5 22.Rcc2 Bf8
23.b5 cxb5 24.axb5 a5 25.h4 Bb4 26.Bxe4 fxe4 27.Nc3 Rd8 28.Ne2 Rb6 29.Nf4 Rxb5
30.Nxh5 Rd7 31.Rb1 Rb6 32.Nf4 Rc6 33.Rxc6 bxc6 34.Ne6 Ka7 35.g4 Kb6 36.g5 Kb5
37.f4 exf3 38.Kf2 Kc4 39.h5 Re7 40.Rc1+ Kb5 41.Nc5 Bd2 42.Rb1+ Kc4 43.Rb3 Bc1
44.Kxf3 a4 45.Rd3 a3 46.h6 gxh6 47.gxh6 a2 48.Nb3 a1=Q  0-1

[Event "Pavlodar Open 2013"]
[Site "Pavlodar KAZ"]
[Date "2013.12.17"]
[Round "8.35"]
[White "Kuzairov,Olzhas"]
[Black "Kakishev,Nazhmiden"]
[Result "0-1"]
[WhiteElo "1797"]
[BlackElo "1996"]

1.Nf3 d5 2.g3 Nf6 3.d4 e6 4.Bg2 c5 5.e3 Nc6 6.O-O Be7 7.b3 cxd4 8.exd4 O-O
9.Bb2 b5 10.Nbd2 Rb8 11.Ne5 Nxe5 12.dxe5 Nd7 13.Qe2 b4 14.Rfd1 Qb6 15.c4 bxc3
16.Bxc3 Ba6 17.Qg4 Bc5 18.Ne4 dxe4 19.Rxd7 Bxf2+ 20.Kh1 Rbc8 21.Bd2 e3 22.Bb4 Rfd8
23.Rxd8+ Rxd8 24.Rc1 Rd4 25.Qf3 Qxb4 26.Qa8+ Qf8 27.Qxa7 e2  0-1

[Event "20th Zadar Open A 2013"]
[Site "Zadar CRO"]
[Date "2013.12.17"]
[Round "4.11"]
[White "Cvitan,O"]
[Black "Saric,A"]
[Result "1/2-1/2"]
[WhiteElo "2558"]
[BlackElo "2547"]

1.Nf3 d5 2.g3 Nf6 3.Bg2 c6 4.O-O Bg4 5.d4 e6 6.Nbd2 Nbd7 7.Re1 Be7 8.c3 O-O
9.e4 dxe4 10.Nxe4 Nxe4 11.Rxe4 Bxf3 12.Bxf3 Bg5 13.Bxg5 Qxg5  1/2-1/2

[Event "20th Zadar Open A 2013"]
[Site "Zadar CRO"]
[Date "2013.12.17"]
[Round "4.1"]
[White "Saric,Iv"]
[Black "Firat,B"]
[Result "0-1"]
[WhiteElo "2632"]
[BlackElo "2433"]

1.Nf3 d5 2.g3 c6 3.Bg2 Nf6 4.d3 h6 5.O-O Bf5 6.c4 e6 7.cxd5 exd5 8.Nc3 Be7
9.Nd4 Bh7 10.e4 O-O 11.Re1 Na6 12.e5 Ne8 13.Bh3 Nec7 14.Nf5 Re8 15.d4 Bf8
16.Qg4 Kh8 17.Bf4 Ne6 18.Rad1 h5 19.Qe2 g5 20.Bc1 g4 21.Nh6 Bxh6 22.Bxh6 gxh3
23.Qxh5 f5 24.exf6 Qxf6 25.Re5 Nac7 26.f4 Rg8 27.Qxh3 Rae8 28.Kh1 Ng7 29.Rde1 Nce6
30.Bxg7+ Nxg7 31.Qd7 Rxe5 32.Rxe5 Qh6 33.Kg2 Nh5 34.Kf3 Qg6 35.Re3 Nxg3 36.Qe6 Qh5+
37.Kg2 Nf5+  0-1

[Event "SportAccord Basque Men 2013"]
[Site "Beijing CHN"]
[Date "2013.12.18"]
[Round "4.1"]
[White "Kamsky,G"]
[Black "Ivanchuk,V"]
[Result "1/2-1/2"]
[WhiteElo "2721"]
[BlackElo "2731"]

1.Nf3 d5 2.g3 g6 3.Bg2 Bg7 4.d4 Nf6 5.O-O c6 6.c3 O-O 7.Bf4 Nh5 8.Bg5 Nd7
9.Qc1 Re8 10.Re1 Qc7 11.Nbd2 e5 12.dxe5 Nxe5 13.Nxe5 Qxe5 14.Nf3 Qc7 15.Nd4 Bd7
16.Bh6 Bxh6 17.Qxh6 Nf6 18.a4 Re7 19.b4 Ne4 20.Rec1 a5 21.e3 Nd2 22.Rd1 Nc4
23.b5 Rae8 24.bxc6 bxc6 25.Rab1 Nb6 26.Ra1 Qe5 27.Qf4 c5 28.Qxe5 Rxe5 29.Nb3 Nxa4
30.c4 Nc3 31.Nxc5 Bf5 32.Rxd5 Nxd5 33.cxd5 Rb8 34.e4 Rb5 35.Rc1 Rxc5 36.Rxc5 Bxe4
37.Rc8+ Kg7 38.f4 Bf5 39.Ra8 Re1+ 40.Kf2 Ra1 41.Bf1 Be4 42.Bc4 Rc1 43.Bb3 Rc3
44.Rb8 a4 45.Bxa4 Bxd5  1/2-1/2

[Event "16th Padova Open A 2013"]
[Site "Padova ITA"]
[Date "2013.12.18"]
[Round "5.8"]
[White "Stella,A"]
[Black "Borgo,G"]
[Result "0-1"]
[WhiteElo "2454"]
[BlackElo "2369"]

1.Nf3 d5 2.g3 c6 3.Bg2 Bg4 4.c4 e6 5.cxd5 Bxf3 6.Bxf3 cxd5 7.O-O Nf6 8.Nc3 Nc6
9.d4 Be7 10.e3 O-O 11.Bd2 Bd6 12.Qe2 Qe7 13.Bg2 Rfc8 14.f4 Bb4 15.f5 Re8
16.fxe6 Qxe6 17.Rxf6 Qxf6 18.Rf1 Qg6 19.Bxd5 Re7 20.Qf2 Rf8 21.a3 Ba5 22.b4 Bc7
23.Ba2 Rd7 24.b5 Ne7 25.Bb1 Qh5 26.a4 Ba5 27.Ne4 Bxd2 28.Qxd2 b6 29.Ba2 Nd5
30.Nc3 Nxc3 31.Qxc3 Qe2 32.Bb3 Re7 33.Re1 Rc7 34.Qb4 Rc1 35.Rxc1 Qxe3+ 36.Kg2 Qxc1
37.Bd5 Qc2+ 38.Kg1 Re8 39.Bc6 Re2  0-1

[Event "20th Zadar Open A 2013"]
[Site "Zadar CRO"]
[Date "2013.12.18"]
[Round "6.21"]
[White "Brulic,D"]
[Black "Andrejic,V"]
[Result "1/2-1/2"]
[WhiteElo "2299"]
[BlackElo "2224"]

1.Nf3 d5 2.g3 Nf6 3.Bg2 Bf5 4.O-O e6 5.d3 h6 6.c4 c6 7.b3 Be7 8.Bb2 O-O 9.Nbd2 Bh7
10.a3 a5 11.Rc1 c5 12.Ne5 Nfd7 13.Nxd7 Qxd7 14.cxd5 exd5 15.d4 cxd4 16.Nf3 d3
17.Ne5 dxe2 18.Qxe2 Qe6 19.Rfd1 Rd8 20.Qb5 Qa6 21.Qxd5 Rxd5 22.Rc8+ Bf8 23.Bxd5 Nc6
24.Rxc6 bxc6 25.Bxf7+ Kh8 26.Bc4 Qa7 27.Nf7+ Kg8 28.Nxh6+ Kh8 29.Nf7+ Kg8
30.Nh6+ Kh8  1/2-1/2

[Event "Al-Ain Classic Open A 2013"]
[Site "Al-Ain UAE"]
[Date "2013.12.19"]
[Round "1.21"]
[White "Shoker,S"]
[Black "Tuvsanaa,N"]
[Result "1-0"]
[WhiteElo "2497"]
[BlackElo "2162"]

1.Nf3 d5 2.g3 c6 3.Bg2 Nf6 4.O-O Bg4 5.d3 Nbd7 6.Qe1 e6 7.e4 dxe4 8.dxe4 Bc5
9.Nbd2 O-O 10.h3 Bh5 11.a3 a5 12.Kh1 a4 13.Nh4 g5 14.Nhf3 g4 15.Nh2 Ne5 16.hxg4 Nfxg4
17.Ndf3 Nxf3 18.Nxf3 Qb6 19.Kg1 Rfd8 20.Bg5 f6 21.Bh4 Qxb2 22.e5 Qxc2 23.exf6 Qf5
24.Rc1 Rd6 25.Rc4 Rf8 26.Rf4 Qc2 27.Ng5 Nxf2 28.R4xf2 Rd1 29.Kh2 Qc4 30.Rf4 Rxe1
31.Rxc4 Rxf1 32.Bxf1 Rxf6 33.Bd3 Rf2+ 34.Kh3 Bxa3 35.Rxa4 Be7 36.Ra8+ Rf8
37.Ra7 Rb8 38.Bxh7+ Kh8 39.Be4 Bd6 40.Bxc6 Be2 41.Bxb7 Bc5 42.Ra2 Bc4 43.Rc2 Bb3
44.Rxc5 Rxb7 45.Ne4 Bd5 46.Nf6 Bf3 47.g4 Rb3 48.Rg5 Rb8 49.Bg3 Ra8 50.Be5 Be2  1-0

[Event "AUS Masters GM"]
[Site "Melbourne AUS"]
[Date "2013.12.19"]
[Round "6.4"]
[White "Morris,J"]
[Black "Cheng,Bo"]
[Result "0-1"]
[WhiteElo "2398"]
[BlackElo "2440"]

1.Nf3 d5 2.g3 g6 3.Bg2 Bg7 4.O-O Nf6 5.d4 O-O 6.c3 b6 7.a4 a5 8.Na3 Bb7 9.Bf4 Nbd7
10.Qc1 Rc8 11.Bh6 c5 12.Bxg7 Kxg7 13.e3 Qc7 14.Rd1 h5 15.Qd2 e5 16.Nb5 Qb8
17.Nxe5 Nxe5 18.dxe5 Qxe5 19.c4 Rfd8 20.Qc3 d4 21.exd4 cxd4 22.Nxd4 Bxg2
23.Kxg2 h4 24.b3 Qe4+ 25.Nf3 h3+ 26.Kf1 Qc6 27.Re1 Kg8 28.Re7 Nd5 29.Ne5 Qf6
30.Rxf7 Qxf7 31.Nxf7 Nxc3 32.Nxd8 Rxd8 33.Rc1 Rd3 34.f4 Kf7 35.Re1 Rf3+ 36.Kg1 Kf6
37.g4 Rxf4 38.Re3 Rxg4+ 39.Kf1 Rf4+ 40.Kg1 Ne4 41.Rxh3 Nc5 42.Rh8 Rd4 43.Rf8+ Kg5
44.h4+ Rxh4 45.Rb8 Rg4+ 46.Kh2 Nd7 47.Rb7 Rd4 48.c5 bxc5 49.Ra7 Kg4 50.Rxa5 Rd2+
51.Kg1 Ne5 52.Ra6 g5  0-1

[Event "16th Padova Open A 2013"]
[Site "Padova ITA"]
[Date "2013.12.19"]
[Round "6.2"]
[White "Petkov,V"]
[Black "Rombaldoni,D"]
[Result "1-0"]
[WhiteElo "2558"]
[BlackElo "2462"]

1.Nf3 d5 2.g3 Nc6 3.d4 Bg4 4.Bg2 Qd7 5.c3 Bh3 6.Bxh3 Qxh3 7.b4 a6 8.Bf4 Qd7
9.Nbd2 Nf6 10.a4 e6 11.b5 Na5 12.Ne5 Qd8 13.O-O Bd6 14.Qc2 Nh5 15.Be3 g5
16.Nef3 Be7 17.c4 c6 18.Qc3 axb5 19.axb5 cxb5 20.cxd5 b4 21.Qd3 Qxd5 22.Bxg5 Bxg5
23.e4 Qc6 24.Nxg5 h6 25.Ngf3 O-O 26.Rfc1 Qb6 27.Qe3 Kh7 28.Ne5 Rfc8 29.Nxf7 e5
30.Nxe5 b3 31.Rxc8 Rxc8 32.Rb1 b2 33.Nd3 Rc2 34.e5 Nc6 35.Qe4+ Kh8 36.Qg6 Qxd4
37.Nf3 Qc3 38.Qxh6+ Kg8 39.Qe6+ Kg7 40.Qg4+ Kf8 41.Qc8+ Kg7 42.Qd7+ Kh6 43.Kg2 Ne7
44.Qxe7 Qxd3 45.Qg5+ Kh7 46.Qxh5+ Kg7 47.Qg5+ Kh7 48.Qe7+ Kg8 49.Qe6+ Kg7
50.Qf6+ Kg8 51.Ng5  1-0

[Event "20th Zadar Open A 2013"]
[Site "Zadar CRO"]
[Date "2013.12.19"]
[Round "7.5"]
[White "Saric,A"]
[Black "Firat,B"]
[Result "1-0"]
[WhiteElo "2547"]
[BlackElo "2433"]

1.Nf3 d5 2.g3 c6 3.Bg2 Bg4 4.c4 Nf6 5.Ne5 Be6 6.cxd5 Bxd5 7.Nf3 c5 8.Nc3 Bc6
9.O-O e6 10.d4 Nbd7 11.Be3 cxd4 12.Bxd4 Be7 13.Qb3 O-O 14.Ne5 Nxe5 15.Bxe5 Bxg2
16.Kxg2 Qd7 17.Rac1 Qc6+ 18.f3 Rac8 19.e4 Qa6 20.Qb5 Rc6 21.Qxa6 Rxa6 22.a3 Rd8
23.Rfd1 Rc6 24.Rxd8+ Bxd8 25.Rd1 Be7 26.g4 g5 27.Bd4 a6 28.Be3 Ne8 29.Rd7 Rc7
30.Rd3 Kf8 31.e5 h6 32.h4 Kg7 33.hxg5 hxg5 34.Kg3 Kg6 35.Bb6 Rc6 36.Bd8 Bf8
37.Bxg5 Kxg5 38.Rd8 f5 39.f4+ Kg6 40.Rxe8 Bxa3 41.gxf5+ Kxf5 42.Rg8 Be7 43.Kf3 Rb6
44.Nd1  1-0

[Event "WYCC U18 Open 2013"]
[Site "Al-Ain UAE"]
[Date "2013.12.20"]
[Round "3.11"]
[White "Andersen,Mad"]
[Black "Javanbakht,N"]
[Result "0-1"]
[WhiteElo "2501"]
[BlackElo "2374"]

1.Nf3 d5 2.g3 Bg4 3.Bg2 c6 4.c4 e6 5.O-O Nd7 6.cxd5 exd5 7.d3 Ngf6 8.Nc3 Bxf3
9.Bxf3 d4 10.Ne4 Nxe4 11.Bxe4 Bd6 12.Bd2 O-O 13.b4 Qe7 14.Qb3 Kh8 15.Bf3 Ne5
16.Bg2 Ng4 17.Rae1 f5 18.Qb2 Rad8 19.h3 Nf6 20.Qxd4 Bxg3 21.Qxa7 Be5 22.Bxc6 Ne4
23.dxe4 Rxd2 24.Qe3 Rd6 25.Bd5 fxe4 26.Rd1 Rf4 27.Qa3 Ra6 28.Qc1 Bc7 29.Qc3 Rh6
30.Rfe1 Rg6+ 31.Kf1 Qh4 32.Qe3 Rxf2+  0-1

[Event "16th Padova Open A 2013"]
[Site "Padova ITA"]
[Date "2013.12.20"]
[Round "7.8"]
[White "Kovacevic,Bl"]
[Black "Moroni,L"]
[Result "1-0"]
[WhiteElo "2437"]
[BlackElo "2229"]

1.Nf3 d5 2.g3 e6 3.Bg2 Nf6 4.O-O c5 5.c4 dxc4 6.Na3 Be7 7.Nxc4 Nc6 8.b3 O-O
9.Bb2 Nd5 10.d4 b5 11.Nce5 Nxe5 12.Nxe5 Bb7 13.dxc5 Bxc5 14.Rc1 Rc8 15.Nd3 Be7
16.Rxc8 Qxc8 17.Qa1 f6 18.Bh3 Qc6 19.Bg2 e5 20.Rc1 Qb6 21.Rc2 Rd8 22.Qc1 a5
23.Bc3 Nxc3 24.Rxc3 e4 25.Nc5 Bd5 26.Nxe4 Qe6 27.Qc2 Bb4 28.Rc7 Re8 29.Nxf6+ Qxf6
30.Bxd5+ Kh8 31.Rc8 Rf8 32.Rxf8+ Qxf8 33.Qc6 Bc5 34.e3 b4 35.Kg2 g6 36.Qc7 Qd6
37.Qf7 Qf8 38.Qxf8+ Bxf8 39.f4 Kg7 40.Kf3 Kf6 41.e4 Bc5 42.e5+ Ke7 43.g4 Bd4
44.Ke4  1-0

[Event "Al-Ain Classic Open A 2013"]
[Site "Al-Ain UAE"]
[Date "2013.12.21"]
[Round "3.24"]
[White "Shyam,SM"]
[Black "Kazimova,N"]
[Result "1/2-1/2"]
[WhiteElo "2534"]
[BlackElo "2238"]

1.Nf3 d5 2.g3 c6 3.Bg2 Bg4 4.d3 Nd7 5.Nbd2 Ngf6 6.h3 Bh5 7.g4 Bg6 8.Nh4 e5
9.e3 Qc7 10.a3 Nc5 11.Nxg6 hxg6 12.b4 Ne6 13.Rb1 Be7 14.Qe2 a5 15.c4 axb4
16.axb4 Ra4 17.b5 g5 18.O-O O-O 19.Qd1 Rfa8 20.bxc6 bxc6 21.cxd5 cxd5 22.Bb2 Bd6
23.Nf3 e4 24.dxe4 dxe4 25.Bxf6 exf3 26.Bxf3 gxf6 27.Bxa8 Rxa8 28.Qf3 Rd8
29.Rfd1  1/2-1/2

[Event "Al-Ain Classic Open A 2013"]
[Site "Al-Ain UAE"]
[Date "2013.12.21"]
[Round "3.9"]
[White "Ipatov,Alexander"]
[Black "Guliev,Sarh"]
[Result "1-0"]
[WhiteElo "2635"]
[BlackElo "2430"]

1.Nf3 d5 2.g3 c6 3.Bg2 Nf6 4.O-O Bf5 5.c4 e6 6.cxd5 exd5 7.d3 Be7 8.Nc3 O-O
9.h3 h6 10.e4 dxe4 11.Nh4 Bh7 12.dxe4 Qxd1 13.Rxd1 Bb4 14.e5 Bxc3 15.bxc3 Ne4
16.Bxe4 Bxe4 17.Ba3 Re8 18.Rd4 Bh7 19.f4 Na6 20.Rd7 b5 21.Re1 Red8 22.Red1 Rxd7
23.Rxd7 Be4 24.Bd6 c5 25.a3 b4 26.axb4 cxb4 27.cxb4 Rc8 28.f5 Nb8 29.Rxa7 Nc6
30.Ra1 Nd4 31.Re1 Bb7 32.Bc5 Nb3 33.e6 Nxc5 34.bxc5 Kf8 35.e7+ Ke8 36.f6 Rxc5
37.Rb1 Bc8 38.fxg7 Rg5 39.Rb8 Kxe7 40.Rxc8 Rxg3+ 41.Kf2 Rxg7 42.Nf5+ Kd7
43.Nxg7  1-0

[Event "WYCC U18 Open 2013"]
[Site "Al-Ain UAE"]
[Date "2013.12.21"]
[Round "5.8"]
[White "Izzat,Kanan"]
[Black "Eliseev,U"]
[Result "1/2-1/2"]
[WhiteElo "2385"]
[BlackElo "2552"]

1.Nf3 d5 2.g3 Nf6 3.Bg2 c6 4.O-O Bf5 5.c4 e6 6.cxd5 cxd5 7.d3 Nc6 8.Qb3 Qd7
9.Nc3 Bg4 10.Qa4 Be7 11.h3 Bxf3 12.Bxf3 O-O 13.Bg2 Rfd8 14.Bd2 a6 15.Rfc1 b5
16.Qd1 Rac8 17.a3 h6 18.Na2 Qb7 19.Nb4 Ne5 20.Rxc8 Rxc8 21.Rc1 Nc6 22.Nxc6 Rxc6
23.Rc3 Rxc3 24.Bxc3 b4 25.axb4 Bxb4 26.Bxf6 gxf6 27.e4 dxe4 28.Bxe4 Qc7  1/2-1/2

[Event "80th ch-BRA 2013"]
[Site "Joao Pessoa BRA"]
[Date "2013.12.21"]
[Round "11.3"]
[White "Toth,Chr"]
[Black "Molina,Rob"]
[Result "0-1"]
[WhiteElo "2365"]
[BlackElo "2424"]

1.Nf3 d5 2.g3 c6 3.Bg2 Nf6 4.O-O Bg4 5.d3 Nbd7 6.c4 e6 7.cxd5 cxd5 8.Qb3 Nc5
9.Qb5+ Nfd7 10.d4 a6 11.Qb4 Nd3 12.Qxb7 Nb4 13.Na3 Bxf3 14.Bxf3 Rb8 15.Qa7 Rb6
16.Bf4 Nc6 17.Qc7 Qxc7 18.Bxc7 Rxb2 19.Nc4 Rb7 20.Nd6+ Bxd6 21.Bxd6 Nxd4
22.Kg2 f6 23.Rab1 Ra7 24.Rfc1 Kf7 25.e3 Nxf3 26.Kxf3 Rha8 27.Rc6 a5 28.Ke2 Ra6
29.Rxa6 Rxa6 30.Ba3 Rb6 31.Rc1 Ne5 32.Rc7+ Kg6 33.f4 Rc6 34.Rxc6 Nxc6 35.Bc5 e5
36.g4 exf4 37.exf4 f5 38.h3 Kf6 39.a3 Ke6 40.Kd3 a4 41.Kc3 fxg4 42.hxg4 g6
43.Kd3 Kf6 44.Ke3 h5 45.Kf3 Ke6 46.f5+ Kf6 47.gxh5 gxh5 48.Kf4 d4 49.Ke4 h4
50.Bd6 h3 51.Bg3 Kg5 52.Bf4+ Kf6 53.Bg3 Ne7 54.Be5+ Kf7 55.Bf4 Nxf5 56.Kxf5 d3  0-1

[Event "51st Groningen Open A 2013"]
[Site "Groningen NED"]
[Date "2013.12.22"]
[Round "2.36"]
[White "Heemskerk,W"]
[Black "Zojer,T"]
[Result "1-0"]
[WhiteElo "2240"]
[BlackElo "2117"]

1.Nf3 d5 2.g3 Nf6 3.Bg2 c6 4.O-O Bf5 5.d3 e6 6.c4 Bd6 7.Qb3 Qc8 8.Nc3 O-O
9.Re1 dxc4 10.Qxc4 e5 11.Bg5 Nbd7 12.d4 exd4 13.Nxd4 Nb6 14.Qb3 Be6 15.Nxe6 Qxe6
16.Qxe6 fxe6 17.Red1 Be7 18.Bh3 Kf7 19.Rd3 h6 20.Bf4 Nfd5 21.Ne4 Nxf4 22.gxf4 Nd5
23.e3 Rad8 24.Rad1 b6 25.a3 Rg8 26.Kf1 Bh4 27.Ke2 Ke7 28.Rc1 c5 29.b4 cxb4
30.axb4 Rgf8 31.Rc6 Rxf4 32.Rxe6+ Kf8 33.Rxd5 Rxd5 34.exf4 Rb5 35.Nd6  1-0

[Event "16th Padova Open A 2013"]
[Site "Padova ITA"]
[Date "2013.12.22"]
[Round "9.1"]
[White "Georgiev,Ki"]
[Black "Borgo,G"]
[Result "1-0"]
[WhiteElo "2648"]
[BlackElo "2369"]

1.Nf3 d5 2.g3 c6 3.Bg2 Bg4 4.O-O Nd7 5.d3 e6 6.c4 Bc5 7.cxd5 exd5 8.Nc3 Ne7
9.Qa4 Bh5 10.b4 Bb6 11.b5 c5 12.Qb3 d4 13.Ne4 Bc7 14.e3 O-O 15.exd4 cxd4
16.Ba3 Re8 17.Rac1 Nf8 18.Nxd4 Bb6 19.Bc5 Bxc5 20.Rxc5 Qxd4 21.Rxh5 Rad8
22.Rd1 b6 23.h3 h6 24.Nc3 Ne6 25.Nd5 Ng6 26.Rf5 Rc8 27.Ne3 Ne7 28.Rh5 Red8
29.Rh4 Qd7 30.d4 Ng6 31.Rg4 h5 32.Bc6 Qe7 33.Re4 Qg5 34.h4 Qf6 35.Bb7 Rb8
36.Bd5 Nc7 37.Bc6 Ne6 38.Qc4 Rd6 39.Kg2 Rbd8 40.Bd5 Nef8 41.a4 Ne6 42.Bxe6 fxe6
43.Kg1 Nf8 44.d5 Qg6 45.Rdd4 Kh7 46.Re5 exd5 47.Qe2 Qb1+ 48.Rd1 Qb3 49.Nf5 Ng6
50.Re3 Qxa4 51.Qxh5+ Kg8 52.Nxd6 Rxd6 53.Rxd5 Qa1+ 54.Kg2 Rf6 55.Rd8+  1-0

[Event "St Petersburg Blitz Prelim 2013"]
[Site "St Petersburg RUS"]
[Date "2013.12.22"]
[Round "4.8"]
[White "Goganov,A"]
[Black "Ganichev,Alex"]
[Result "1-0"]
[WhiteElo "2581"]
[BlackElo "2244"]

1.Nf3 d5 2.g3 Nf6 3.Bg2 c5 4.O-O g6 5.d4 cxd4 6.Nxd4 e5 7.Nf3 Nc6 8.c4 Bg7
9.cxd5 Qxd5 10.Qxd5 Nxd5 11.Nxe5 Bxe5 12.Bxd5 Nb4 13.Bb3 O-O 14.Nc3 Bh3 15.Rd1 Rfd8
16.Bg5 Rdc8 17.Rac1 Kg7 18.Bf4 Bxf4 19.gxf4 Bg4 20.f3 Bh3 21.Kf2 a6 22.Ne4 Nc6
23.Nd6 Rc7 24.Nxb7 Rxb7 25.Rxc6 a5 26.Rd2 Rb4 27.Rc7 Rxf4 28.Kg3  1-0